| 000 | 00562nam a2200193 a 4500 | ||
|---|---|---|---|
| 005 | 20140310183555.0 | ||
| 008 | 111109s19uu xx 00 eng d | ||
| 020 | _a9789715848312 | ||
| 050 |
_aHF 5415 _b.G243 2009 |
||
| 100 | _aGarrovillas, Eduardo P. | ||
| 245 |
_aOut-of-the-box retailing : _bprinciples and practices that work and make sense / _cEduardo Garrovillas. |
||
| 260 |
_aQuezon City : _bC&E, _c2009. |
||
| 300 |
_a257 p. : _c22 cm. |
||
| 521 | _aBSBA | ||
| 650 | _aRetailing | ||
| 650 | _aMarketing | ||
| 942 |
_cBK _2lcc _kLOC |
||
| 999 |
_c25022 _d25022 |
||